[Event "AUTO-ELITE-258"]
[Site "http://www.queenalice.com/game.php?id=504499"]
[Date "2008.12.7"]
[Round "1"]
[White "headhunter"]
[Black "maykel"]
[Result "1-0"]
[WhiteElo "2413"]
[BlackElo "2244"]

1. e4 c6 2. d4 d5 3. Nc3 dxe4 4. Nxe4 Bf5 5. Ng3 Bg6 6. h4 h6 7. Nf3 Nd7 8. h5
Bh7 9. Bd3 Bxd3 10. Qxd3 e6 11. Bd2 Ngf6 12. O-O-O Be7 13. Qe2 O-O 14. Rhe1 Nd5
15. c4 N5f6 16. Ne5 a5 17. f4 a4 18. f5 a3 19. fxe6 axb2+ 20. Kb1 Nxe5 21. dxe5
Ne8 22. Bc3 Qb6 23. Nf5 1-0

[Event "AUTO-ELITE-258"]
[Site "http://www.queenalice.com/game.php?id=504500"]
[Date "2008.12.7"]
[Round "1"]
[White "maykel"]
[Black "JimMorrisson"]
[Result "1/2-1/2"]
[WhiteElo "2247"]
[BlackElo "2233"]

1. e4 c5 2. Nf3 Nc6 3. d4 cxd4 4. Nxd4 g6 5. c4 Bg7 6. Be3 Nf6 7. Nxc6 bxc6 8.
Nc3 d6 9. Be2 O-O 10. O-O Nd7 11. Qd2 a5 12. Rad1 Qc7 13. Bh6 Rb8 14. Bxg7 Kxg7
15. Qe3 Nc5 16. b3 e5 17. f4 Qe7 18. Qg3 f6 19. f5 g5 20. Rd2 Ba6 21. Rfd1 Rbd8
22. Kh1 Nb7 23. Qh3 Rh8 24. Qh5 Qf7 25. Qf3 h5 26. Qf2 Qc7 27. Na4 Kf7 28. c5
Bxe2 29. Rxe2 dxc5 30. Rxd8 Rxd8 31. h4 g4 32. Qe3 Kg7 33. Nxc5 Nxc5 34. Qxc5
Rd4 35. Kg1 Qd7 36. Qxa5 Rd1+ 37. Kh2 Qd4 38. Re1 Rd3 39. Qc7+ Kf8 40. Qxc6 Rh3+
41. gxh3 Qf2+ 42. Kh1 Qxe1+ 43. Kg2 Qe2+ 44. Kg1 Qe3+ 45. Kf1 Qxh3+ 46. Ke2 Qxh4
47. a4 Qh2+ 48. Kd3 Qh3+ 49. Kc4 Qf1+ 50. Kd5 Qd3+ 51. Ke6 Qxb3+ 52. Kxf6 Qf7+
53. Kxe5 g3 54. Kf4 g2 55. Qc5+ Qe7 56. Qg1 Qh4+ 1/2-1/2

[Event "AUTO-ELITE-258"]
[Site "http://www.queenalice.com/game.php?id=504501"]
[Date "2008.12.7"]
[Round "1"]
[White "JimMorrisson"]
[Black "maykel"]
[Result "1-0"]
[WhiteElo "2217"]
[BlackElo "2247"]

1. e4 e5 2. Nf3 Nc6 3. Bb5 a6 4. Ba4 Nf6 5. O-O Nxe4 6. d4 Nxd4 7. Nxd4 Nc5 8.
Re1 f6 9. c4 Nxa4 10. Qxa4 c6 11. Nc3 d6 12. Qc2 Be7 13. Nf5 O-O 14. Be3 Be6 15.
Nxe7+ Qxe7 16. b3 d5 17. cxd5 cxd5 18. Na4 d4 19. Bd2 Rac8 20. Qd3 Qd6 21. a3
Rfd8 22. b4 Bc4 23. Qg3 Qc6 24. Nc5 b6 25. Rac1 Qd5 26. Bh6 Rc7 27. Ne4 Kh8 28.
Bd2 Rcd7 29. h4 Rc8 30. h5 f5 31. Ng5 e4 32. Bf4 h6 33. Nh3 Qf7 34. Qh4 d3 35.
Bd2 Kg8 36. Nf4 Re8 37. Rc3 b5 38. Re3 Rd4 39. Rg3 Qa7 40. Rc1 Qe7 41. Qxe7 Rxe7
42. Ng6 Re8 43. Nh4 e3 44. Rxe3 Rxe3 45. Nxf5 Re2 46. Nxd4 Rxd2 47. Ra1 Rb2 48.
g4 Kf8 49. Kg2 Bd5+ 50. Kg3 Kf7 51. Rd1 Bc4 52. Ra1 d2 53. Rd1 Ra2 54. Kf4 Kf6
55. Nf3 Rxa3 56. Nxd2 Ra4 57. Nxc4 bxc4 58. Rd6+ Kf7 59. Rb6 Ke7 60. Ke4 a5 61.
bxa5 Rxa5 62. Rc6 Ra2 63. f4 Rc2 64. Ke5 c3 65. Kf5 Rc1 66. Kg6 Rg1 67. g5 hxg5
68. f5 Rg3 69. Kxg7 Kd7 70. Rc4 Kd6 71. f6 Rf3 72. f7 1-0

[Event "AUTO-ELITE-231"]
[Site "http://www.queenalice.com/game.php?id=514184"]
[Date "2008.12.29"]
[Round "2"]
[White "amed66"]
[Black "maykel"]
[Result "1/2-1/2"]
[WhiteElo "2467"]
[BlackElo "2234"]

1. d4 d5 2. c4 e6 3. Nc3 Nf6 4. Nf3 Be7 5. Bf4 O-O 6. e3 c5 7. dxc5 Bxc5 8. cxd5
exd5 9. Bd3 Nc6 10. O-O d4 11. exd4 Bxd4 12. Nb5 Bg4 13. Bxh7+ Nxh7 14. Nbxd4
Nxd4 15. Qxd4 Bxf3 16. Qxd8 Rfxd8 17. gxf3 Rd5 18. Be3 Ng5 19. Kg2 Rf5 20. f4
Ne6 21. Kg3 b6 22. Rfd1 Rc8 23. Rac1 Rxc1 24. Rxc1 Ra5 25. Rc8+ Kh7 26. b4 Ra3
27. Kg4 Ra4 28. a3 a5 29. f5 Nc5 30. Ra8 Nd7 31. Bd4 Nf6+ 32. Bxf6 gxf6 33. Ra6
Rxa3 34. b5 Ra4+ 35. f4 Kg7 36. Rxb6 Ra2 37. h4 Rb2 38. Rb7 a4 39. b6 Rb3 40.
Ra7 a3 41. b7 a2 42. Rxa2 Rxb7 43. Ra1 Rb8 44. Rd1 Rb7 45. Rh1 Rb2 46. Re1
1/2-1/2

[Event "AUTO-ELITE-231"]
[Site "http://www.queenalice.com/game.php?id=514185"]
[Date "2008.12.29"]
[Round "2"]
[White "maykel"]
[Black "amed66"]
[Result "0-1"]
[WhiteElo "2239"]
[BlackElo "2463"]

1. e4 e5 2. Nf3 Nc6 3. d4 exd4 4. Nxd4 Nf6 5. Nc3 Bb4 6. Nxc6 bxc6 7. Bd3 d5 8.
exd5 cxd5 9. O-O O-O 10. Ne2 Re8 11. c3 Bd6 12. Re1 Ng4 13. Nd4 Bxh2+ 14. Kh1
Nxf2+ 15. Kxh2 Qh4+ 0-1

[Event "AUTO-ELITE-231"]
[Site "http://www.queenalice.com/game.php?id=514188"]
[Date "2008.12.29"]
[Round "2"]
[White "maykel"]
[Black "Chuzete"]
[Result "1-0"]
[WhiteElo "2194"]
[BlackElo "2292"]

1. e4 c5 2. Nf3 d6 3. d4 cxd4 4. Nxd4 Nf6 5. Nc3 a6 6. Bg5 e6 7. f4 Qb6 8. Nb3
Nbd7 9. Qf3 Qc7 10. O-O-O b5 11. f5 Ne5 12. Qg3 Be7 13. fxe6 fxe6 14. a3 O-O 15.
h4 Bb7 16. Qh3 Nfg4 17. Rd2 Rf7 18. Nd4 Raf8 19. g3 Qd7 20. Bf4 h5 21. Bxe5 dxe5
22. Nf5 Qc7 23. Nxe7+ 1-0

[Event "AUTO-ELITE-231"]
[Site "http://www.queenalice.com/game.php?id=514189"]
[Date "2008.12.29"]
[Round "2"]
[White "Chuzete"]
[Black "maykel"]
[Result "1/2-1/2"]
[WhiteElo "2281"]
[BlackElo "2191"]

1. e4 e5 2. Nf3 Nc6 3. Bb5 a6 4. Ba4 Nf6 5. O-O Be7 6. Re1 O-O 7. c3 d6 8. h3 b5
9. Bb3 Bb7 10. d4 Re8 11. Nbd2 Bf8 12. a4 Qd7 13. axb5 axb5 14. Rxa8 Rxa8 15.
Ng5 Nd8 16. Bc2 c5 17. d5 Ne8 18. Nf1 f6 19. Nf3 Ra2 20. b3 Bc8 21. Bd3 Kh8 22.
Re2 1/2-1/2

[Event "AUTO-ELITE-274"]
[Site "http://www.queenalice.com/game.php?id=520111"]
[Date "2009.1.10"]
[Round "1"]
[White "Cevapcic"]
[Black "maykel"]
[Result "1-0"]
[WhiteElo "2249"]
[BlackElo "2206"]

1. d4 d5 2. c4 c6 3. Nf3 Nf6 4. Nc3 dxc4 5. a4 Bf5 6. e3 e6 7. Bxc4 Bb4 8. O-O
Nbd7 9. Nh4 Bg6 10. g3 Bh5 11. Be2 Bxe2 12. Qxe2 O-O 13. e4 Qa5 14. e5 Nd5 15.
Ne4 c5 16. Qg4 Kh8 17. Ng5 Bd2 18. Nxf7+ Rxf7 19. Qxe6 Re7 20. Qxd5 cxd4 21.
Qxb7 Rd8 22. Bxd2 Qxd2 23. Qc7 Ree8 24. e6 Nf6 25. Nf5 Qg5 26. Nd6 Rxd6 27. Qxd6
Qd5 28. Qxd5 Nxd5 29. Rad1 1-0

[Event "AUTO-ELITE-274"]
[Site "http://www.queenalice.com/game.php?id=520112"]
[Date "2009.1.10"]
[Round "1"]
[White "maykel"]
[Black "Cevapcic"]
[Result "0-1"]
[WhiteElo "2159"]
[BlackElo "2260"]

1. e4 e6 2. d4 d5 3. Nd2 Be7 4. Ngf3 Nf6 5. e5 Nfd7 6. Bd3 c5 7. c3 Nc6 8. O-O
cxd4 9. cxd4 a5 10. Re1 g5 11. h3 h5 12. Bb5 g4 13. hxg4 hxg4 14. Nh2 g3 15.
fxg3 Qb6 16. Bxc6 Qxd4+ 17. Kh1 bxc6 18. Nf3 Qxd1 19. Rxd1 Ba6 20. Bd2 Nc5 21.
b3 Ne4 22. Be3 Nxg3+ 23. Kg1 Kd7 24. Kf2 Ne4+ 25. Kg1 Rag8 26. Rac1 Rh3 27. Rc2
Bb4 28. Rdc1 c5 29. Rd1 Rh5 30. Bf4 Nc3 31. Rdd2 a4 32. bxa4 Nxa4 33. Rd1 Nc3
34. Re1 d4 35. a3 Ba5 36. Bd2 Bd3 0-1

[Event "AUTO-ELITE-274"]
[Site "http://www.queenalice.com/game.php?id=520119"]
[Date "2009.1.10"]
[Round "1"]
[White "maykel"]
[Black "remy250"]
[Result "0-1"]
[WhiteElo "2250"]
[BlackElo "2451"]

1. e4 c5 2. Nf3 Nc6 3. d4 cxd4 4. Nxd4 Nf6 5. Nc3 e5 6. Ndb5 d6 7. Bg5 a6 8.
Bxf6 gxf6 9. Na3 b5 10. Nd5 f5 11. Bd3 Be6 12. Qh5 Rg8 13. O-O f4 14. Qxh7 Rg6
15. Qh5 Rh6 16. Qd1 Qh4 17. h3 Bxh3 0-1

[Event "AUTO-ELITE-274"]
[Site "http://www.queenalice.com/game.php?id=520120"]
[Date "2009.1.10"]
[Round "1"]
[White "remy250"]
[Black "maykel"]
[Result "1-0"]
[WhiteElo "2463"]
[BlackElo "2195"]

1. e4 e5 2. Nf3 Nc6 3. Bb5 a6 4. Ba4 Nf6 5. O-O Be7 6. Re1 b5 7. Bb3 O-O 8. a4
Bb7 9. d3 d6 10. Nc3 Na5 11. Ba2 b4 12. Ne2 c5 13. Ng3 Bc8 14. h3 Rb8 15. Bd2
Nd7 16. Be3 Nb6 17. Nd2 Bd7 18. Nf5 Nxa4 19. Bd5 Nxb2 20. Qg4 Bxf5 21. exf5 b3
22. Bh6 Bf6 23. Ne4 Kh8 24. Nxf6 gxh6 25. Qh4 h5 26. Qg5 Rg8 27. Qxg8+ Qxg8 28.
Nxg8 Kxg8 29. Rxa5 bxc2 30. Rc1 Nxd3 31. Rxc2 Rb6 32. Rd2 Nf4 33. Bc4 1-0

[Event "Challenge"]
[Site "http://www.queenalice.com/game.php?id=524363"]
[Date "2009.1.17"]
[Round "-"]
[White "maykel"]
[Black "CSI"]
[Result "0-1"]
[WhiteElo "2226"]
[BlackElo "1972"]

1. e4 c6 2. Nc3 g6 3. d4 d5 4. e5 Bg7 5. Nf3 Bg4 6. Be2 e6 7. Bg5 Ne7 8. Qd2 h6
9. Be3 Nf5 10. O-O Nd7 11. Na4 Nb6 12. Nxb6 Qxb6 13. c3 O-O 14. b4 a5 15. a3 Qd8
16. Rfc1 Bxf3 17. Bxf3 Nxe3 18. Qxe3 f6 19. Qd3 fxe5 20. Qxg6 Qf6 21. Qxf6 Bxf6
22. Bg4 exd4 23. Bxe6+ Kg7 24. c4 d3 25. Rab1 Bd4 26. Rf1 axb4 27. axb4 Ra2 28.
cxd5 Rfxf2 29. Rxf2 Rxf2 30. Kh1 d2 31. Bg4 cxd5 32. Bf3 Kf6 33. h4 Ke5 34. h5
Kf4 35. Rd1 Ke3 36. Bxd5 Re2 0-1

[Event "Challenge"]
[Site "http://www.queenalice.com/game.php?id=524367"]
[Date "2009.1.17"]
[Round "-"]
[White "REUSKING"]
[Black "maykel"]
[Result "0-1"]
[WhiteElo "1999"]
[BlackElo "2234"]

1. e4 e5 2. Nf3 Nf6 3. Nxe5 d6 4. Nf3 Nxe4 5. Qe2 Qe7 6. d3 Nf6 7. Bg5 Qxe2+ 8.
Bxe2 Be7 9. O-O Nc6 10. a3 O-O 11. Nc3 h6 12. Bf4 Bf5 13. Rad1 a6 14. Rfe1 Rfe8
15. Bf1 Bg4 16. Be2 Bf8 17. h3 Bf5 18. Bf1 Re6 19. Rxe6 fxe6 20. Re1 e5 21. Bd2
Rc8 22. Ne4 Be7 23. Nxf6+ Bxf6 24. Bc3 Rd8 25. g3 Rf8 26. Bg2 e4 27. Bxf6 exf3
0-1

[Event "Challenge"]
[Site "http://www.queenalice.com/game.php?id=524745"]
[Date "2009.1.18"]
[Round "-"]
[White "maykel"]
[Black "pollo"]
[Result "1-0"]
[WhiteElo "2241"]
[BlackElo "1534"]

1. e4 e5 2. Nf3 d6 3. d4 Bg4 4. dxe5 dxe5 5. Qxd8+ Kxd8 6. Nxe5 Be6 7. Bc4 Nh6
8. Bxe6 fxe6 9. Bxh6 Ke7 10. Bf4 h6 11. Ng6+ Kd7 12. Nxh8 Nc6 13. O-O e5 14. Be3
Nb4 15. Rd1+ Ke8 16. Na3 1-0

[Event "Challenge"]
[Site "http://www.queenalice.com/game.php?id=524748"]
[Date "2009.1.18"]
[Round "-"]
[White "REUSKING"]
[Black "maykel"]
[Result "0-1"]
[WhiteElo "1945"]
[BlackElo "2242"]

1. e4 e5 2. Nf3 Nc6 3. d4 exd4 4. Nxd4 Bc5 5. Be3 Qf6 6. c3 Nge7 7. Be2 d5 8.
Bf3 Bxd4 9. Bxd4 Nxd4 10. cxd4 Qb6 11. Qd2 dxe4 12. Bxe4 Bf5 13. Nc3 Bxe4 14.
Nxe4 O-O 15. O-O Rad8 16. Rad1 c6 17. Nc5 Rfe8 18. Nb3 Nd5 19. Rfe1 h6 20. Rxe8+
Rxe8 21. Nc5 Qb5 22. b3 Re2 23. Qd3 Qxd3 24. Nxd3 Rxa2 25. g3 Nc3 26. Re1 Ne2+
27. Kg2 Nxd4 28. Re8+ Kh7 29. Re7 b6 30. Rxf7 c5 31. Ne5 Nxb3 0-1

[Event "Challenge"]
[Site "http://www.queenalice.com/game.php?id=536541"]
[Date "2009.2.7"]
[Round "-"]
[White "maykel"]
[Black "trompmaster"]
[Result "0-1"]
[WhiteElo "2140"]
[BlackElo "2121"]

1. e4 d6 2. d4 g6 3. Nc3 Bg7 4. f4 Nh6 5. Be2 Bd7 6. Nf3 e6 7. O-O Nc6 8. h3 f5
9. e5 d5 10. b3 O-O 11. Ba3 Re8 12. Nb1 Bf8 13. Bxf8 Rxf8 14. Nbd2 Ne7 15. c3
Nf7 16. Bd3 Kh8 17. Qe2 Rg8 18. h4 h6 19. a3 c6 20. b4 Qc7 21. Nb3 b6 22. Nfd2
Rg7 23. Rac1 Rag8 24. Rf3 Rh7 25. Rh3 Rgg7 26. Rf1 g5 27. Kh1 g4 28. Re3 h5 29.
Qf2 Rg8 30. Kh2 Ra8 31. Rh1 Kg7 32. Rhe1 Rhh8 33. R3e2 a6 34. Rh1 Rhb8 35. Rhe1
Ra7 36. Rf1 Nd8 37. Re3 Nb7 38. Ree1 Rc8 39. c4 Qd8 40. c5 b5 41. Rd1 Rca8 0-1

[Event "Challenge"]
[Site "http://www.queenalice.com/game.php?id=536542"]
[Date "2009.2.7"]
[Round "-"]
[White "trompmaster"]
[Black "maykel"]
[Result "1-0"]
[WhiteElo "2085"]
[BlackElo "2209"]

1. g3 d5 2. d3 e5 3. Bg2 Nf6 4. h3 Be7 5. Bd2 Nc6 6. Qc1 Be6 7. Nc3 O-O 8. e4
dxe4 9. dxe4 Qd7 10. Nge2 Rfd8 11. Be3 h5 12. f4 g6 13. Kf1 exf4 14. gxf4 Bc4
15. Qe1 Nb4 16. Rc1 Qe6 17. b3 Bxe2+ 18. Qxe2 h4 19. Bf3 Qc6 20. Bd2 Qb6 21. Qg2
Ne8 22. a3 Qa6+ 23. Kg1 Qxa3 24. e5 c6 25. Kh2 Bc5 26. Ne4 Bf8 27. e6 Bg7 28.
exf7+ Kxf7 29. Rhg1 Na2 30. Qxg6+ Kg8 31. Nf6+ Nxf6 32. Qxg7# 1-0

[Event "AUTO-ELITE-240"]
[Site "http://www.queenalice.com/game.php?id=546521"]
[Date "2009.2.25"]
[Round "2"]
[White "Sinja"]
[Black "maykel"]
[Result "1-0"]
[WhiteElo "2377"]
[BlackElo "2193"]

1. e4 e5 2. f4 exf4 3. Bc4 Nf6 4. Nc3 Nc6 5. d4 Bb4 6. Ne2 Nxe4 7. O-O Bxc3 8.
Nxc3 Nxc3 9. bxc3 d5 10. Bd3 O-O 11. Bxf4 Ne7 12. Rb1 Ng6 13. Bg3 b6 14. h4 Nxh4
15. Bxh7+ Kxh7 16. Qh5+ Kg8 17. Bxh4 f6 18. Rxf6 Rxf6 19. Bxf6 gxf6 20. Re1 Bd7
21. Re3 Be8 22. Rg3+ Kf8 23. Qh7 Bf7 24. Qg7+ Ke8 25. Re3+ Kd7 26. Qxf7+ Kc6 27.
Re7 f5 28. Re5 Qg8 29. Qxf5 Re8 30. Rxe8 Qxe8 31. Kf2 Qd8 32. g4 Qh4+ 33. Ke2
1-0

[Event "AUTO-ELITE-240"]
[Site "http://www.queenalice.com/game.php?id=546522"]
[Date "2009.2.25"]
[Round "2"]
[White "maykel"]
[Black "Sinja"]
[Result "0-1"]
[WhiteElo "2191"]
[BlackElo "2383"]

1. c4 e5 2. Nc3 Bb4 3. Nd5 Bd6 4. d4 Nf6 5. c5 Be7 6. Nxe7 Qxe7 7. Bg5 h6 8.
Bxf6 Qxf6 9. Nf3 e4 10. Ng1 O-O 11. e3 b6 12. Rc1 Ba6 13. Bxa6 Nxa6 14. Ne2 bxc5
15. O-O cxd4 16. Qxd4 Qxd4 17. Nxd4 Rab8 18. b3 f5 19. Ne2 c6 20. Rfd1 Rf7 21.
Rc4 Nb4 22. Nc1 Rb5 23. h3 d5 24. Rc3 Ra5 25. a4 c5 26. Ne2 g5 27. g3 Kg7 28.
Nc1 f4 29. gxf4 gxf4 30. Ne2 fxe3 31. Rxe3 Ra6 0-1

[Event "AUTO-ELITE-299"]
[Site "http://www.queenalice.com/game.php?id=548226"]
[Date "2009.2.28"]
[Round "1"]
[White "maykel"]
[Black "gero79"]
[Result "0-1"]
[WhiteElo "2177"]
[BlackElo "2333"]

1. d4 d5 2. c4 c6 3. Nf3 Bf5 4. Nc3 Nf6 5. Qb3 Qb6 6. Qxb6 axb6 7. cxd5 Nxd5 8.
Nxd5 cxd5 9. e3 e6 10. Bb5+ Nc6 11. Ne5 Ke7 12. Nxc6+ bxc6 13. Bxc6 Rc8 14. Ba4
Kf6 15. O-O Bd3 16. Rd1 Bc2 17. Bxc2 Rxc2 18. Rd2 Rc6 19. Rd3 Bd6 20. Rc3 Rxc3
21. bxc3 Rc8 22. Bd2 Ra8 23. f3 Ke7 0-1

[Event "AUTO-ELITE-299"]
[Site "http://www.queenalice.com/game.php?id=548227"]
[Date "2009.2.28"]
[Round "1"]
[White "gero79"]
[Black "maykel"]
[Result "1-0"]
[WhiteElo "2325"]
[BlackElo "2185"]

1. d4 d5 2. c4 c6 3. Nc3 Nf6 4. g3 dxc4 5. Bg2 Nd5 6. Nf3 Nxc3 7. bxc3 Nd7 8.
Qc2 c5 9. Bf4 cxd4 10. cxd4 Nb6 11. O-O e6 12. a4 Bb4 13. a5 Nd5 14. Qxc4 Nxf4
15. Qxb4 Nxg2 16. Kxg2 Rb8 17. Rfc1 Bd7 18. Rab1 b5 19. Qd6 1-0

[Event "AUTO-ELITE-299"]
[Site "http://www.queenalice.com/game.php?id=548228"]
[Date "2009.2.28"]
[Round "1"]
[White "maykel"]
[Black "BEBADO"]
[Result "0-1"]
[WhiteElo "2170"]
[BlackElo "2218"]

1. d4 d5 2. c4 c6 3. Nf3 Nf6 4. Nc3 e6 5. e3 Nbd7 6. Bd3 Bd6 7. e4 dxe4 8. Bxe4
Nxe4 9. Nxe4 Bb4+ 10. Bd2 Be7 11. O-O Nf6 12. Re1 O-O 13. Nxf6+ Bxf6 14. Bb4 Re8
15. Ne5 Qc7 16. Qf3 Bxe5 17. Rxe5 b6 18. Rg5 Bb7 0-1

[Event "AUTO-ELITE-299"]
[Site "http://www.queenalice.com/game.php?id=548229"]
[Date "2009.2.28"]
[Round "1"]
[White "BEBADO"]
[Black "maykel"]
[Result "1-0"]
[WhiteElo "2220"]
[BlackElo "2150"]

1. d4 d5 2. c4 e6 3. Nc3 Nf6 4. cxd5 exd5 5. Bg5 Be7 6. e3 Bf5 7. Bxf6 Bxf6 8.
Qb3 Qc8 9. Nxd5 Bd8 10. Nc3 O-O 11. Nf3 Nd7 12. Be2 c5 13. Rc1 cxd4 14. exd4 Be6
15. d5 Nc5 16. Qa3 Bg4 17. Na4 Nd3+ 18. Kd2 1-0

[Event "Challenge"]
[Site "http://www.queenalice.com/game.php?id=574553"]
[Date "2009.4.19"]
[Round "-"]
[White "waldi"]
[Black "maykel"]
[Result "0-1"]
[WhiteElo "1905"]
[BlackElo "2187"]

1. d4 d5 2. c4 c6 3. Nc3 Nf6 4. Bg5 dxc4 5. e4 b5 6. a4 b4 7. e5 bxc3 8. exf6
cxb2 9. fxe7 Bxe7 10. Rb1 Bb4+ 11. Bd2 c3 12. Qe2+ Be6 13. Be3 c2+ 0-1